Teoría de la novela en Cervantes

Gorde:
Xehetasun bibliografikoak
Egile nagusia: Riley, Edward C (Egilea)
Formatua: Liburua
Hizkuntza:gaztelania
Argitaratua: Madrid Taurus 1966
Saila:Persiles, 31
Gaiak:
Etiketak: Etiketa erantsi
Etiketarik gabe, Izan zaitez lehena erregistro honi etiketa jartzen!

MARC

LEADER 00000nam a2200000 a 4500
001 UCS2400
003 CL-VaPUC
008 970523e19660000SP |||||||||||||||||spa|d
082 0 4 |a 863.09  |b RIL  |2 21 
100 0 |a Riley, Edward C  |e author  |9 387784 
245 1 0 |a Teoría de la novela en Cervantes 
300 |a 359 p 
942 |c BK 
945 |d 19970523 00:00:00  |a rleighto 
260 |a Madrid  |b Taurus  |c 1966 
600 0 |a Cervantes y Saavedra, Miguel de  |9 267947 
650 7 |a NOVELA ESPAÑOLA  |2 CL-VaPUC  |9 313139 
650 0 |a Crítica e interpretación   |9 255042 
583 |a last modification  |c 19970523 00:00:00  |k Rodrigo Vera 
490 0 |a Persiles, 31 
999 |c 260360  |d 260358 
952 |0 0  |1 0  |4 0  |6 863_090000000000000_RIL_1966  |7 0  |8 A  |9 286401  |a FDOPOS  |b BIBEDU  |d 2019-11-19  |i 3308464  |l 2  |m 1  |o 863.09 RIL 1966  |p 3308464  |r 2025-01-22  |s 2024-09-04  |w 2019-11-19  |y BK  |k MLH